000 00226 a2200109 4500
020 _a9780439874793
041 _aspa
100 _aMattern, Joanne
245 _aAlbert Einstein, un genio creativo
942 _cBK
999 _c8521
_d8521
999 _d8521